000 00475nam a2200193Ia 4500
003 GCL
008 140319s9999 xx 000 0 ara d
040 _aGCL /
_cGCL
082 0 4 _aق
_b932
_bا م
100 1 _aراشد البراوى
245 1 0 _aمصر /
_cراشد البراوى
700 1 _aالجود , ب.ج
300 _a180 ص
490 _a
650 0 4 _aمصر
650 0 4 _aتاريخ
650 0 4 _aمصر القديمة - تاريخ
942 _2ddc
_cBK
999 _c45281
_d45281